| 000 | 00721nam a2200277Ia 4500 | ||
|---|---|---|---|
| 005 | 20140426084829.0 | ||
| 008 | 140130s9999 xx 000 0 und d | ||
| 020 | _a0590224298 | ||
| 050 |
_aPZ 7 _b.M652Kis 1968 |
||
| 100 |
_aMinarik, Holmelund. _931234 |
||
| 245 |
_cMinarik, Else Homelund. _aA kiss for little bear / |
||
| 260 |
_bScholastic Inc., _cc1968. _aUSA : |
||
| 300 |
_a32 p. : _bill. ; _c23 cm. |
||
| 440 |
_v1 _931174 |
||
| 521 | _aG1 | ||
| 526 | _c100 | ||
| 650 |
_aKissing _xFiction _931235 |
||
| 650 |
_aBears _xFiction. _931236 |
||
| 650 |
_aAnimals _xFiction. _931237 |
||
| 942 |
_cBK _2lcc |
||
| 999 |
_c42048 _d42048 |
||